Statistics for Jetpunk Discord Members by Weird Things They Do

Click here to take the quiz!

General Stats

  • This quiz has been taken 19 times
    (10 since last reset)
  • The average score is 5 of 10

Answer Stats

Weird ThingJetpunker% Correct
(◍•ᴗ•◍)♥FerroequinoSWAT
88%
ふふふふMacaco
75%
:HYPE: or :thinking:IAB
75%
[WRITES IN CAPS]RedLightning
63%
...baptistegorce
63%
指揮中心指出,全球累計645,244例確診,分布於177個國家/地區;病例數以美國119,748 例、義大利92,472例、中國大陸81,439例、西班牙72,248例及德國48,582例為多;病例中 29,854例死亡,以義大利10,023例、西班牙5,690例、中國大陸3,300例、伊朗2,517例及 法國2,314例為多Pacybwoah
50%
eSaturn
38%
[Something in German]lele_20
38%
gn8Nathaniel
38%
hi [at the beginning of every conversation]Penguinish
13%

Score Distribution

Percentile by Number Answered

Percent of People with Each Score

Your Score History

You have not taken this quiz since the last reset